La selección del convenio colectivo aplicable en la empresa (Registro nro. 165617)

Detalles MARC
000 -LEADER
fixed length control field 01895nam a22002657a 4500
007 - PHYSICAL DESCRIPTION FIXED FIELD--GENERAL INFORMATION
fixed length control field cr|||| ||||
008 - FIXED-LENGTH DATA ELEMENTS--GENERAL INFORMATION
fixed length control field 180220s2014 es |||||s|||| 00||0 spa d
020 ## - INTERNATIONAL STANDARD BOOK NUMBER
International Standard Book Number 978-84-15923-59-6
035 ## -
-- 12822
040 ## - CATALOGING SOURCE
Original cataloging agency vLex
090 ## -
-- 7378
-- 7378
100 1# - MAIN ENTRY--PERSONAL NAME
Personal name Mendoza Navas, Natividad
245 12 - TITLE STATEMENT
Title La selección del convenio colectivo aplicable en la empresa
Medium [Recurso electrónico] /
Statement of responsibility, etc Natividad Mendoza Navas
256 ## -
-- Servicio en línea
260 ## - PUBLICATION, DISTRIBUTION, ETC. (IMPRINT)
Place of publication, distribution, etc Albacete:
Name of publisher, distributor, etc Editorial Bomarzo,
Date of publication, distribution, etc 2014
300 ## - PHYSICAL DESCRIPTION
Extent 1 recurso electrónico
500 ## - GENERAL NOTE
General note Los cambios en el sistema proaucuvo y económico se proyectan sobre el modelo de negociación colectiva e influyen en la determinación del convenio colectivo aplicable a la empresa. Surgen nuevas actividades que no encuentran acomodo claro en los segmentos económicos tradicionales afectando ello a la designación del convenio colectivo aplicable. Al mismo tiempo los convenios colectivos no enuncian con claridad su ámbito funcional, pues las disposiciones que se encargan de especificar este aspecto negocial no expresan con exactitud cuáles son las actividades englobadas en el convenio. A partir del principio de unidad de empresa y del principio de especialidad podrá definirse el convenio aplicable en la empresa en función de su actividad.
506 1# - RESTRICTIONS ON ACCESS NOTE
Terms governing access Disponible solo en los productos indicados
Authorized users vLex Global
-- vLex Global (Academic Edition, excluding Law Schools)
-- vLex Global (U.S. Academic Edition, Law Schools)
-- vLex Global (U.S. Academic Edition, excluding Law Schools)
-- vLex Global (Academic Edition, Law Schools)
650 04 - SUBJECT ADDED ENTRY--TOPICAL TERM
Topical term or geographic name as entry element Derecho Civil
Geographic subdivision España
650 04 - SUBJECT ADDED ENTRY--TOPICAL TERM
Topical term or geographic name as entry element Derecho Mercantil y de la Empresa
Geographic subdivision España
740 0# -
-- vLex Libros (Servicio en línea)
856 40 - LOCALIZACIÓN Y ACCESO ELECTRÓNICO
Identificador Uniforme del Recurso (URI/URL) https://app.vlex.com/#/sources/seleccion-del-convenio-colectivo-aplicable-en-la-empresa-12822
942 ## -
-- RAA
999 ## -
-- 165617
-- 165617

No hay ítems disponibles.


CONTACTO


NOSOTROS


SITIOS DE INTERES

coordinacion.biblioteca.biblioteca@unienlinea.mx Misión, Visión y Objetivos Bases de datos
Directorio Bibliotecas Digitales y Repositorios
Normatividad Revistas y artículos
Convenios interbibliotecarios
Boletines



Hecho en México. Universidad Insurgentes (UIN). Todos los derechos reservados 2024. Esta página y sus contenidos pueden ser reproducidos con fines no lucrativos, siempre y cuando no se mutile, se cite la fuente completa y su dirección electrónicas. De otra forma requiere permiso previo por escrito de la institución




2024 Copyright Universidad Insurgentes | www.bibliouin.com.mx